| 000 | 00489nam a22001817a 4500 | ||
|---|---|---|---|
| 003 | OSt | ||
| 005 | 20180116183046.0 | ||
| 008 | 160720b xxu||||| |||| 00| 0 eng d | ||
| 020 | _a9781859641231 | ||
| 040 | _c0 | ||
| 082 | _a297.63 REE 2000 | ||
| 100 | _aMinou Reeves | ||
| 245 |
_aMuhammad in Europe _bA Thousand Years of western Myth- Making _cMinou Reeves |
||
| 260 |
_aUK _bGarnet Publishing _c2000 |
||
| 300 |
_a306 p. _bHB |
||
| 440 | _aMuhammad in Europe | ||
| 942 |
_2ddc _cBK |
||
| 999 |
_c351426 _d351426 |
||